000 00503nam a22001937a 4500
005 20251108165339.0
008 250721s1987 xx 000 0 ara d
082 1 4 _a956.93/مصط
100 1 _aطلاس، محمد
245 1 0 _aفطير صهيون /
250 _aط5 مزيدة و منقحه
264 1 _aدمشق :
_bدار طلاس،
_c1987.
300 _a379ص
650 1 7 _aاليهود
650 1 7 _aالتاريخ
650 1 7 _aالصهيونيه
942 _2ddc
_cBK
999 _c25700
_d25700